=LDR 00000nam 2200000 4500 =001 INLIS000000000013060 =005 20130612104518 =008 ***********************************Ind** =035 ##$$0010-061300000013060 =041 ##$$a Ind =082 ##$$a 331.04 =090 ##$$a 331.04, Ind p =260 ##$$a 2000 $b Yogyakarta =300 ##$$a 43 hlm, 18 cm =650 ##$$a Buruh - Perburuhan - Undang-undang dan peraturan =850 ##$$a NBPNMAT